书目信息 |
| 题名: |
环北极航行志
|
|
| 作者: | 中华人民共和国海事局 编著 | |
| 分册: | ||
| 出版信息: | 北京 人民交通出版社股份有限公司 2018 |
|
| 页数: | 256页 | |
| 开本: | 26cm | |
| 丛书名: | ||
| 单 册: | ||
| 中图分类: | N816.62 | |
| 科图分类: | ||
| 主题词: | 北极--科学考察--中国 | |
| 电子资源: | ||
| ISBN: | 978-7-114-15159-0 | |
| 000 | 01053nam0 2200229 45 | |
| 001 | 012001001790 | |
| 005 | 20140109090133.0 | |
| 010 | @a978-7-114-15159-0@dCNY160.00 | |
| 100 | @a20181203d2018 em y0chiy0110 ea | |
| 101 | 0 | @achi |
| 102 | @aCN@b110000 | |
| 105 | @ay z 000yy | |
| 106 | @ar | |
| 200 | 1 | @a环北极航行志@Ahuan bei ji hang hang zhi@f中华人民共和国海事局编著 |
| 210 | @a北京@c人民交通出版社股份有限公司@d2018 | |
| 215 | @a256页@d26cm | |
| 330 | @a在经济全球化、区域一体化不断深入发展的背景下,北极在战略、经济、科研、环保、航道、资源等方面的价值不断提升,受到国际社会的普遍关注。我国目前在北极的活动有限,但增长较快。中国航运企业正不断扩大对北极航道经济潜力的探索,做出了很多有益尝试。本书主要介绍了“雪龙”号科考船历次科考及穿越北极的情形,以及北极各航道的介绍、俄罗斯、加拿大部分涉及极地水域航行管理的规章等内容。 | |
| 606 | 0 | @a北极@x科学考察@y中国 |
| 690 | @aN816.62@v5 | |
| 701 | 0 | @a中华人民共和国海事局@Azhong hua ren min gong he guo hai shi ju@4编著 |
| 801 | 0 | @aCN@b北京卓展@c20191020 |
| 905 | @b1202583-4@dN816.62@e22@f2 | |
| 环北极航行志/中华人民共和国海事局编著.-北京:人民交通出版社股份有限公司,2018 |
| 256页;26cm |
| ISBN 978-7-114-15159-0:CNY160.00 |
| 在经济全球化、区域一体化不断深入发展的背景下,北极在战略、经济、科研、环保、航道、资源等方面的价值不断提升,受到国际社会的普遍关注。我国目前在北极的活动有限,但增长较快。中国航运企业正不断扩大对北极航道经济潜力的探索,做出了很多有益尝试。本书主要介绍了“雪龙”号科考船历次科考及穿越北极的情形,以及北极各航道的介绍、俄罗斯、加拿大部分涉及极地水域航行管理的规章等内容。 |
| ● |
| 相关链接 |
|
|
|
|
正题名:环北极航行志
索取号:N816.62/22
 
预约/预借
| 序号 | 登录号 | 条形码 | 馆藏地/架位号 | 状态 | 备注 |
| 1 | 1202583 | 212025832 | 第二样本阅览室/ [索取号:N816.62/22] | 在馆 | |
| 2 | 1202584 | 212025841 | 第三借阅区/ [索取号:N816.62/22] | 在馆 |